Normal view
MARC view
- Patil Rucha R - 2k141035; Dr.Sonali Parchure - Guide & [Company Name] - Pheonix General Insurance Brokers PVT.LTD
Entry Personal Name
001 - CONTROL NUMBER
- control field: 103728
003 - CONTROL NUMBER IDENTIFIER
- control field: OSt
005 - DATE AND TIME OF LATEST TRANSACTION
- control field: 20221007220649.0
008 - FIXED-LENGTH DATA ELEMENTS
- fixed length control field: 221007|| aca||aabn | a|a d
040 ## - CATALOGING SOURCE
- Original cataloging agency: OSt
- Transcribing agency: OSt
100 ## - HEADING--PERSONAL NAME
- Personal name: Patil Rucha R - 2k141035; Dr.Sonali Parchure - Guide & [Company Name] - Pheonix General Insurance Brokers PVT.LTD
670 ## - SOURCE DATA FOUND
- Source citation: Work cat.: (OSt)75048: Patil Rucha R - 2k141035; Dr.Sonali Parchure - Guide & [Company Name] - Pheonix General Insurance Brokers PVT.LTD., Study Of Mediclaim Insurance And Personal Accident With Reference To Individual In Mitigating Risk Management At Pheonix General Insurance Brokers Pvt.Ltd., Sep-15